|
|
|
|
| LEADER |
01111nam a22003012a 4500 |
| 001 |
001621285 |
| 003 |
CZ BrMZK |
| 005 |
20180525124645.0 |
| 007 |
ta |
| 008 |
180320s1967 gw frm||||||||||ger d |
| 040 |
|
|
|a BOA001
|b cze
|e aacr2
|
| 072 |
|
7 |
|a 616
|x Patologie. Klinická medicína
|2 Konspekt
|9 14
|
| 080 |
|
|
|a 616.36
|2 MRF
|
| 080 |
|
|
|a 543.545.2
|2 MRF
|
| 080 |
|
|
|a (043.3)
|2 MRF
|
| 100 |
1 |
|
|a Keller, Peter
|4 dis
|
| 245 |
1 |
0 |
|a Untersuchungen zur Frage der Bindung des Bilirubins an verschiedene Serumeiweißfraktionen bei Leberkranken mit Hilfe der trägerfreien präparativen Durchflußelektrophorese /
|c Peter Keller
|
| 260 |
|
|
|a Berlin :
|b Peter Keller,
|c 1967
|
| 300 |
|
|
|a 37 s.
|
| 502 |
|
|
|a Disertace--Freie Universität Berlin, 1967
|
| 650 |
0 |
7 |
|a nemoci jater
|7 ph123213
|2 czenas
|
| 650 |
0 |
7 |
|a elektroforéza
|7 ph119874
|2 czenas
|
| 655 |
|
7 |
|a disertace
|7 fd132024
|2 czenas
|
| 710 |
2 |
|
|a Freie Universität Berlin
|7 kn20010710196
|4 isb
|
| 910 |
|
|
|a BOA001
|b X-0625.603
|
| 990 |
|
|
|a BK
|
| 991 |
|
|
|b 201803
|
| 996 |
7 |
|
|b 2618926854
|c X-0625.603
|l MZK
|r Sklad / do 24 hodin
|n 0
|w 001656929
|u 000010
|a 1
|e BOA001
|j MZK50
|s A
|